000 00537nam a22001697a 4500
008 230511b |||||||| |||| 00| 0 eng d
040 _aNational Science Library
_cNational Science Library
080 _a913(540)(235.343)
100 _aNandy, S N
_98739
245 _aResource infomation database of the Indian Himalaya
260 _aAlmora:
_bG.B Pant Institute of Himalayan Environment and Development,
_c2006
300 _axi, 95p.
650 _aGeography
653 _aPhysiography
653 _aDatabase
942 _2udc
_cREF
999 _c29149
_d29149